[Event "Titled Tuesday intern op 22nd Aug Early"]
[Site "Chess.com INT"]
[Date "2023.08.22"]
[Round "5"]
[White "Bashirov, Kemal"]
[Black "Astafurov, Arseniy"]
[Result "1-0"]
[WhiteElo "2356"]
[BlackElo "2263"]
[PlyCount "99"]
[EventDate "2023.08.22"]
[EventType "swiss (blitz)"]
[EventRounds "11"]
[EventCountry "USA"]
[SourceTitle "EXT 2024"]
[Source "ChessBase"]
[SourceDate "2023.10.10"]
[SourceVersion "1"]
[SourceVersionDate "2023.10.10"]
[SourceQuality "1"]

1. e4 e6 2. d4 d5 3. Nd2 Be7 4. e5 c5 5. c3 Qb6 6. Ngf3 Nc6 7. Nb3 cxd4 8. cxd4 Bb4+ 9. Bd2 Nge7 10. Bd3 a5 11. 0-0 a4 12. Bxb4 Qxb4 13. Nc5 Nxd4 14. Nxd4 Qxc5 15. Rc1 Qb6 16. Nb5 0-0 17. Qc2 Ng6 18. Rfe1 Bd7 19. Qc7 Qxc7 20. Rxc7 Bc6 21. Nd6 Rab8 22. g3 Nh8 23. f4 Rfd8 24. Kf2 Rd7 25. Rxd7 Bxd7 26. Rc1 Bc6 27. Ke3 f6 28. Kd4 Nf7 29. Bxh7+ Kf8 30. Nxf7 Kxf7 31. Bd3 Rh8 32. h4 Ra8 33. Rc5 Ra7 34. Bb5 Bxb5 35. Rxb5 f5 36. Kc5 Ke7 37. Kb6 Ra8 38. Kxb7 Rh8 39. Rc5 Rd8 40. Kb6 d4 41. Rc2 Rd5 42. b3 axb3 43. axb3 Kd7 44. b4 d3 45. Rd2 g6 46. b5 Ke7 47. Kc6 Kd8 48. b6 Kc8 49. b7+ Kb8 50. Ra2 1-0

[Event "EU-ch 23rd"]
[Site "Vrnjacka Banja"]
[Date "2023.03.05"]
[Round "3"]
[White "Bashirov, Kemal"]
[Black "Ivic, Velimir"]
[Result "0-1"]
[WhiteElo "2188"]
[BlackElo "2606"]
[PlyCount "94"]
[EventDate "2023.03.03"]
[EventType "swiss"]
[EventRounds "11"]
[EventCountry "SRB"]
[SourceTitle "CBM 213"]
[Source "ChessBase"]
[SourceDate "2023.04.30"]
[SourceVersion "1"]
[SourceVersionDate "2023.04.30"]
[SourceQuality "1"]

1. e4 c5 2. Nf3 Nc6 3. Bb5 e6 4. 0-0 Nge7 5. d4 cxd4 6. Nxd4 Qb6 7. Nxc6 bxc6 8. Bd3 Ng6 9. Nd2 Be7 10. Nf3 e5 11. c4 0-0 12. Rb1 a5 13. Bc2 d6 14. Be3 Qc7 15. c5 dxc5 16. Bd3 Rd8 17. Qc2 Bg4 18. Be2 Nf4 19. Bxf4 exf4 20. Rfd1 g6 21. Qc3 Bd6 22. h4 Bxf3 23. Bxf3 Qe7 24. Rbc1 a4 25. b3 axb3 26. axb3 Be5 27. Rxd8+ Rxd8 28. Qxc5 Rd6 29. Qc4 Kg7 30. b4 Rd2 31. Rd1 Qd6 32. Rxd2 Qxd2 33. b5 Bd4 34. Qe2 Qc1+ 35. Kh2 cxb5 36. e5 Qc5 37. e6 fxe6 38. Qxe6 Bxf2 39. Qd7+ Kh6 40. Qd2 Bg3+ 41. Kh1 Qf2 42. Qc1 b4 43. Bd5 Qd4 44. Bg8 Qd3 45. Ba2 b3 46. Bb1 Qe3 47. Qd1 b2 0-1

[Event "Krakow op-A 33rd"]
[Site "Krakow"]
[Date "2023.01.02"]
[Round "7"]
[White "Dzwierzynski, Bartosz"]
[Black "Bashirov, Kemal"]
[Result "0-1"]
[WhiteElo "2123"]
[BlackElo "2182"]
[PlyCount "86"]
[EventDate "2022.12.27"]
[EventType "swiss"]
[EventRounds "9"]
[EventCountry "POL"]
[SourceTitle "CBM 212 Extra"]
[Source "ChessBase"]
[SourceDate "2023.03.31"]
[SourceVersion "1"]
[SourceVersionDate "2023.03.31"]
[SourceQuality "1"]

1. d4 Nf6 2. c4 e6 3. Nc3 Bb4 4. f3 d5 5. a3 Be7 6. e4 dxe4 7. fxe4 c5 8. d5 exd5 9. exd5 0-0 10. Nf3 Bd6 11. Be2 Bg4 12. 0-0 Nbd7 13. Ng5 Bxe2 14. Qxe2 Re8 15. Qc2 h6 16. Nf3 a6 17. Bd2 Qc7 18. Qf5 Ne5 19. Nxe5 Rxe5 20. Qf3 Nh5 21. g3 Rae8 22. Rae1 Nf6 23. Rxe5 Bxe5 24. Kg2 Bd4 25. Re1 Rxe1 26. Bxe1 Qe5 27. Bd2 b5 28. cxb5 axb5 29. Nxb5 Bxb2 30. Bc3 Bxc3 31. Nxc3 Qd4 32. h3 Qd2+ 33. Kg1 Qc1+ 34. Kg2 Qb2+ 35. Kf1 Qxa3 36. Qe3 Qa6+ 37. Ke1 Qd6 38. Qf3 Qe5+ 39. Kd2 Kf8 40. Qf4 Qxc3+ 41. Kxc3 Nxd5+ 42. Kc4 Nxf4 43. gxf4 Ke7 0-1

[Event "Bayern-chI Bank Hofmann 25th"]
[Site "Tegernsee"]
[Date "2022.11.12"]
[Round "8"]
[White "Koellner, Ruben Gideon"]
[Black "Bashirov, Kemal"]
[Result "1-0"]
[WhiteElo "2412"]
[BlackElo "2178"]
[PlyCount "41"]
[EventDate "2022.11.05"]
[EventType "swiss"]
[EventRounds "9"]
[EventCountry "GER"]
[SourceTitle "CBM 211 Extra"]
[Source "ChessBase"]
[SourceDate "2023.01.31"]
[SourceVersion "1"]
[SourceVersionDate "2023.01.31"]
[SourceQuality "1"]

1. d4 Nf6 2. Nf3 e6 3. Nbd2 d5 4. e3 c5 5. b3 Nc6 6. Bb2 Bd6 7. Bd3 0-0 8. dxc5 Bxc5 9. a3 Qe7 10. b4 Bd6 11. 0-0 e5 12. c4 Bc7 13. cxd5 Nxd5 14. b5 Nb8 15. Rc1 Bg4 16. Qc2 Bd6 17. Bxh7+ Kh8 18. Bf5 Bxf5 19. Qxf5 Nd7 20. Ne4 f6 21. Nh4 1-0

[Event "Kiev Shystarev Memorial 1st"]
[Site "Kiev"]
[Date "2020.08.29"]
[Round "6"]
[White "Bashirov, Kemal"]
[Black "Penza, Denis"]
[Result "1/2-1/2"]
[WhiteElo "1762"]
[BlackElo "1969"]
[PlyCount "74"]
[EventDate "2020.08.25"]
[EventType "swiss"]
[EventRounds "9"]
[EventCountry "UKR"]
[SourceTitle "EXT 2022"]
[Source "ChessBase"]
[SourceDate "2021.10.06"]
[SourceVersion "1"]
[SourceVersionDate "2021.10.06"]
[SourceQuality "1"]

1. d4 Nc6 2. Nf3 d6 3. e4 Nf6 4. Nbd2 g6 5. Bc4 Bg7 6. 0-0 0-0 7. c3 e6 8. Re1 d5 9. Bd3 Ne7 10. Qe2 b6 11. e5 Nd7 12. Nf1 c5 13. Ne3 a5 14. a4 cxd4 15. cxd4 Nc6 16. Nc2 f6 17. exf6 Nxf6 18. Ra3 Nb4 19. Nxb4 axb4 20. Rb3 Rxa4 21. Bd2 Ne4 22. Bxe4 dxe4 23. Qxe4 Qd6 24. g3 Ba6 25. Rc1 Qd5 26. Qxd5 exd5 27. Ne5 Rc8 28. Rxc8+ Bxc8 29. Rxb4 Rxb4 30. Bxb4 Bxe5 31. dxe5 Bf5 32. f4 Kf7 33. Kf2 Ke6 34. Ke3 h5 35. Kd4 Bc2 36. Bd2 Bd1 37. Bc3 Bc2 1/2-1/2

[Event "Kiev Shystarev Memorial 1st"]
[Site "Kiev"]
[Date "2020.08.29"]
[Round "7"]
[White "Terletsky, Oleg"]
[Black "Bashirov, Kemal"]
[Result "1-0"]
[WhiteElo "2307"]
[BlackElo "1762"]
[PlyCount "119"]
[EventDate "2020.08.25"]
[EventType "swiss"]
[EventRounds "9"]
[EventCountry "UKR"]
[SourceTitle "EXT 2022"]
[Source "ChessBase"]
[SourceDate "2021.10.06"]
[SourceVersion "1"]
[SourceVersionDate "2021.10.06"]
[SourceQuality "1"]

1. e4 e5 2. Nf3 Nf6 3. Nc3 Nc6 4. d4 exd4 5. Nxd4 Bb4 6. Nxc6 bxc6 7. Bd3 d5 8. exd5 cxd5 9. 0-0 0-0 10. Bg5 c6 11. Qf3 h6 12. Bxf6 Qxf6 13. Qxf6 gxf6 14. Ne2 Bd6 15. Ng3 Rb8 16. b3 Be5 17. Rae1 Re8 18. Re3 Bd7 19. Nf5 Bxf5 20. Bxf5 Re7 21. Rh3 Kg7 22. Rh4 Rbe8 23. g3 Bc3 24. Rg4+ Kh8 25. Kg2 Rg8 26. Rh4 Kg7 27. Rd1 Re5 28. Bd3 d4 29. Bc4 c5 30. Rd3 Rge8 31. Rg4+ Rg5 32. Rf4 Rd8 33. Rdf3 Rd6 34. Re4 Rd7 35. Re8 Re5 36. Rc8 Bb4 37. Rc6 f5 38. Bd3 a5 39. Bxf5 Rde7 40. Bd3 R5e6 41. Rc8 Re8 42. Rxe8 Rxe8 43. Rf5 f6 44. Rd5 Re7 45. Rd8 Ra7 46. a4 Re7 47. Kf3 Be1 48. Rc8 Bb4 49. Kg4 Bc3 50. f4 Rd7 51. Bc4 Bb4 52. Kf5 Rb7 53. Rc6 Bc3 54. Rxc5 Rb6 55. Rc7+ Kf8 56. Rh7 Rc6 57. Bb5 Rc5+ 58. Kg6 h5 59. Rf7+ Kg8 60. Bc4 1-0

[Event "Kiev Shystarev Memorial 1st"]
[Site "Kiev"]
[Date "2020.08.27"]
[Round "4"]
[White "Kelbas, Yaroslav1111"]
[Black "Bashirov, Kemal"]
[Result "1-0"]
[WhiteElo "2069"]
[BlackElo "1762"]
[PlyCount "63"]
[EventDate "2020.08.25"]
[EventType "swiss"]
[EventRounds "9"]
[EventCountry "UKR"]
[SourceTitle "EXT 2022"]
[Source "ChessBase"]
[SourceDate "2021.10.06"]
[SourceVersion "1"]
[SourceVersionDate "2021.10.06"]
[SourceQuality "1"]

1. c4 e6 2. Nf3 d5 3. cxd5 exd5 4. d4 Nf6 5. Nc3 c6 6. Bf4 Bd6 7. Bxd6 Qxd6 8. e3 Bf5 9. Bd3 Bxd3 10. Qxd3 Nbd7 11. 0-0 0-0 12. Rab1 Rfe8 13. Qf5 Qe6 14. Qxe6 Rxe6 15. b4 b5 16. a4 a6 17. Ra1 Rb8 18. h3 g6 19. Ra2 Nb6 20. axb5 axb5 21. Ne5 Nfd7 22. Nxd7 Nxd7 23. Ra7 Nb6 24. Rfa1 Ree8 25. R1a6 Rec8 26. Re7 Kf8 27. Raa7 Ra8 28. Rxf7+ Kg8 29. Rg7+ Kh8 30. Rxh7+ Kg8 31. Rag7+ Kf8 32. Ne2 1-0

[Event "EU-ch U10 27th"]
[Site "Mamaia"]
[Date "2017.09.07"]
[Round "3"]
[White "Makkar, Rajat"]
[Black "Bashirov, Kemal"]
[Result "1-0"]
[WhiteElo "1880"]
[BlackElo "1621"]
[PlyCount "81"]
[EventDate "2017.09.05"]
[EventType "swiss"]
[EventRounds "9"]
[EventCountry "ROU"]
[SourceTitle "CBM 180 Extra"]
[Source "ChessBase"]
[SourceDate "2017.10.06"]
[SourceVersion "1"]
[SourceVersionDate "2017.10.06"]
[SourceQuality "1"]

1. d4 Nf6 2. c4 e6 3. Nc3 Bb4 4. Qc2 d5 5. cxd5 exd5 6. Bg5 Be7 7. e3 Be6 8. Bd3 h6 9. Bh4 c6 10. Nf3 Nbd7 11. 0-0 0-0 12. h3 a6 13. Rab1 Qc7 14. b4 Rfc8 15. Rfc1 a5 16. a3 axb4 17. axb4 Nb6 18. Qb3 Nh7 19. Bg3 Qd8 20. Ra1 Ng5 21. Nxg5 Bxg5 22. Ra5 Be7 23. Rca1 Nd7 24. R1a4 Rxa5 25. Rxa5 Ra8 26. Be2 Qc8 27. Bf4 Rxa5 28. bxa5 Bf6 29. Na4 Qd8 30. Nb6 Nxb6 31. axb6 Qa8 32. Qb4 Qc8 33. Qa5 g5 34. Be5 Bd8 35. Bd6 Kg7 36. Bc5 Qb8 37. Qa7 Qc8 38. Ba6 Kg8 39. Bxb7 Qd7 40. Qa8 Kg7 41. Bxc6 1-0